000 00288nam a22001217a 4500
008 180514b xxu||||| |||| 00| 0 eng d
041 _aeng
080 _a043.3
100 _a0
101 _aMBE-BA
245 _aBanke Qendrore Politikat Monetare dhe Kreditore
_cRudi, I
942 _2udc
_cBK
999 _c45753
_d45753